Ông Họa đồ Lanh
Enregistré dans:
| Auteur principal: | |
|---|---|
| Format: | Livre |
| Langue: | English |
| Publié: |
Tp. Hồ Chí Minh
Trẻ
2003
|
| Sujets: | |
| Tags: |
Ajouter un tag
Pas de tags, Soyez le premier à ajouter un tag!
|
| Thư viện lưu trữ: | Trung tâm Học liệu Lê Vũ Hùng, Trường Đại học Đồng Tháp |
|---|
| LEADER | 00673pam a22002298a 4500 | ||
|---|---|---|---|
| 001 | 00041906 | ||
| 008 | 170505s1996 ||||||engsd | ||
| 005 | 20180809090834.0 | ||
| 020 | # | # | |c 11000 |
| 041 | 0 | # | |a Vie |
| 082 | 0 | 4 | |a 959.703 092 |b Ô455H |
| 100 | 1 | # | |a Minh Khoa |
| 245 | 1 | 0 | |c Minh Khoa |a Ông Họa đồ Lanh |
| 260 | # | # | |a Tp. Hồ Chí Minh |b Trẻ |c 2003 |
| 300 | # | # | |a 120tr |c 21 cm. |
| 653 | # | # | |a Cách mạng |
| 653 | # | # | |a Nhân vật lịch sử |
| 653 | # | # | |a Tiểu sử |
| 653 | # | # | |a Việt Nam |
| 852 | # | # | |j KD.0023846 |j KM.0025203 |
| 910 | |d 09/08/2018 | ||
| 980 | # | # | |a Trung tâm Học liệu Lê Vũ Hùng, Trường Đại học Đồng Tháp |